Pasian laisiengthou Bu (Record no. 8242)

MARC details
000 -LEADER
fixed length control field 00415nam a22001697a 4500
003 - CONTROL NUMBER IDENTIFIER
control field GBCCL
005 - DATE AND TIME OF LATEST TRANSACTION
control field 20251201141254.0
008 - FIXED-LENGTH DATA ELEMENTS--GENERAL INFORMATION
fixed length control field 190731b ||||| |||| 00| 0 eng d
040 ## - CATALOGING SOURCE
Transcribing agency gbc
082 ## - DEWEY DECIMAL CLASSIFICATION NUMBER
Classification number VER 220.5954
Item number ZOU 1
245 ## - TITLE STATEMENT
Title Pasian laisiengthou Bu
250 ## - EDITION STATEMENT
Edition statement Zou Re-edited
260 ## - PUBLICATION, DISTRIBUTION, ETC.
Place of publication, distribution, etc. Bangalore:
Name of publisher, distributor, etc. The Bible society of India,
Date of publication, distribution, etc. 2016.
300 ## - PHYSICAL DESCRIPTION
Extent 412p,
650 ## - SUBJECT ADDED ENTRY--TOPICAL TERM
Topical term or geographic name entry element Bible
9 (RLIN) 5
942 ## - ADDED ENTRY ELEMENTS (KOHA)
Source of classification or shelving scheme Dewey Decimal Classification
Koha item type Reference Books
Holdings
Withdrawn status Lost status Source of classification or shelving scheme Damaged status Not for loan Home library Current Library Shelving location Date acquired Source of acquisition Total checkouts Full call number Barcode Date last seen Copy number Price effective from Koha item type
    Dewey Decimal Classification     GRACE BIBLE COLLEGE GRACE BIBLE COLLEGE Bible 2019-07-31 GIFT   VER 220.5954 ZOU 020072 2025-05-01 c.1 2019-07-31 Reference Books
© Grace Bible College Library 2025